| Tag |
First Indicator |
Second Indicator |
Subfields |
| LEADER |
00000cam a2200000 a 4500 |
| 001 |
in00001402556 |
| 005 |
20151020055428.0 |
| 008 |
970822r19981851pau b s001 0 eng |
| 010 |
|
|
|a 97037112
|
| 020 |
|
|
|a 0271017104 (cloth : alk. paper)
|
| 020 |
|
|
|a 0271017112 (pbk. : alk. paper)
|
| 035 |
|
|
|a (OCoLC)37545563
|
| 035 |
|
|
|9 AHN4437AM
|
| 040 |
|
|
|a DLC
|c DLC
|d TXA
|d UtOrBLW
|
| 043 |
|
|
|a f-lb---
|
| 049 |
|
|
|a TXAM
|
| 050 |
0 |
0 |
|a DT634
|b .L53 1998
|
| 082 |
0 |
0 |
|a 966.62/02
|2 21
|
| 245 |
0 |
0 |
|a Liberian dreams :
|b back-to-Africa narratives from the 1850s /
|c edited by Wilson Jeremiah Moses.
|
| 264 |
|
1 |
|a University Park, Pa. :
|b Pennsylvania State University Press,
|c [1998]
|
| 264 |
|
4 |
|c ©1998
|
| 300 |
|
|
|a xxxiv, 234 pages ;
|c 23 cm.
|
| 336 |
|
|
|a text
|b txt
|2 rdacontent
|
| 337 |
|
|
|a unmediated
|b n
|2 rdamedia
|
| 338 |
|
|
|a volume
|b nc
|2 rdacarrier
|
| 504 |
|
|
|a Includes bibliographical references and index.
|
| 505 |
0 |
|
|a The looking-glass : being a true report and narrative of the life, travels, and labors of the Rev. Daniel H. Peterson / Daniel H. Peterson -- Four months in Liberia, or, African colonization exposed / William Nesbit -- Four years in Liberia : a sketch of the life of Rev. Samuel Williams, with remarks on the missions, manners, and customs of the natives of western Africa ; Together with An answer to Nesbit's book / Samuel Williams -- Five letters on Liberian colonization / Augustus Washington.
|
| 651 |
|
0 |
|a Liberia
|x History
|y 1849-1944
|x Sources.
|
| 650 |
|
0 |
|a Back to Africa movement
|x History
|x Sources.
|
| 651 |
|
0 |
|a Liberia
|x Description and travel.
|
| 700 |
1 |
|
|a Moses, Wilson Jeremiah,
|d 1942-
|
| 948 |
|
|
|a c:dm
|
| 999 |
|
|
|a MARS
|
| 999 |
f |
f |
|s eec9ec7d-67ec-3aac-bff5-50c7a7ce7c48
|i 9b374dda-1f91-3a8b-af5b-35b780dda99f
|t 0
|
| 952 |
f |
f |
|p normal
|a Texas A&M University
|b College Station
|c Sterling C. Evans Library
|d Evans: Library Stacks
|t 0
|e DT634 .L53 1998
|h Library of Congress classification
|i unmediated -- volume
|m A14823326927
|
| 998 |
f |
f |
|a DT634 .L53 1998
|t 0
|l Evans: Library Stacks
|